| 000 | 00375nam a22001697a 4500 | ||
|---|---|---|---|
| 005 | 20230925155525.0 | ||
| 008 | 230914b |||||||| |||| 00| 0 eng d | ||
| 082 |
_a624 _bBAS-S |
||
| 100 | _aBasak,N.N | ||
| 245 | _aSurveying and Levelling | ||
| 260 | _aIndia | ||
| 300 | _a548 | ||
| 500 | _aInclude Index | ||
| 650 | _aEngineering | ||
| 700 | _aN N Basak | ||
| 999 |
_c33561 _d33561 |
||